000 02006nam a2200553 i 4500
001 56207
003 KOSZ 005
005 20220325114433.0
008 090312s2008 pl a |000 0 pol
015 _aUWD 2009/15071
035 _a991048470949705066
035 _a(PL-WaBN)b23463739-48omnis_nlop
035 _ab23463739
035 _a(OCoLC)316559996
035 _axx001293918
035 _a(PL)b0000002346373
035 _a(EXLNZ-48OMNIS_NETWORK)9910110759405606
040 _aWA N
_cWA N
_dKOSZ 005/HR
046 _k2008
080 _a620.17
080 _a539.3/.4
080 _a625.8
080 _a678
080 _a665.6/.7
080 _a691
100 1 _aBańkowski, Wojciech
_eAutor
245 1 0 _aAnaliza trwałości zmęczeniowej kompozytów mineralno-asfaltowych metodą konwencjonalną oraz metodą energii rozproszonej /
_cWojciech Bańkowski.
260 _aWarszawa :
_bInstytut Badawczy Dróg i Mostów. Branżowy Ośrodek Informacji Naukowej Technicznej i Ekonomicznej Drogownictwa,
_c2008.
300 _a196 s. :
_bil. (w tym kolor.) ;
_c24 cm.
336 _aTekst
_btxt
_2rdacontent
337 _aBez urządzenia pośredniczącego
_bn
_2rdamedia
338 _aWolumin
_bnc
_2rdacarrier
380 _aKsiążki
380 _aPublikacje naukowe
388 _a2001-
490 1 _aStudia i Materiały / Instytut Badawczy Dróg i Mostów,
_x0239-8575 ;
_vz. 60
504 _aBibliogr. s. 184-191, wykaz norm s. 192.
650 7 _aAsfalt
_2DBN
650 7 _aBeton asfaltowy
_2DBN
650 7 _aDrogi asfaltowe
_2DBN
650 7 _aKompozyty
_2DBN
650 7 _aWytrzymałość materiałów
_2DBN
658 _aInżynieria i technika
658 _aArchitektura i budownictwo
830 0 _aStudia i Materiały - Instytut Badawczy Dróg i Mostów
_vz. 60
856 _uhttp://koha.tu.koszalin.pl/cgi-bin/koha/opac-detail.pl?biblionumber=56207
_yKatalog online BPK
942 _2UKD
_cKS
999 _c56207
_d56207